| 000 | 00653nam a22002297i 4500 | ||
|---|---|---|---|
| 999 |
_c8107 _d8107 |
||
| 003 | URS | ||
| 005 | 20220114153058.0 | ||
| 008 | 170220b xxu||||| |||| 00| 0 eng d | ||
| 020 | _a9719338717 | ||
| 040 |
_erda _cURS _beng |
||
| 082 |
_a174 _bG93 2005 |
||
| 100 | 1 | _aGualdo, Rosendo S. | |
| 245 | _aProfessional Ethics with Introductory General Ethics | ||
| 264 | 0 |
_aCabanatuan City _bAnahaw Enterprises _c2005. |
|
| 300 |
_aix, 191 pages; _c25 cm |
||
| 336 |
_atext _btxt _2rdacontent |
||
| 337 |
_aunmediated _bn _2rdamedia |
||
| 338 |
_avolume _bnc _2rdacarrier |
||
| 505 | _aIncludes Bibliography | ||
| 650 | 0 | _aProfessional ethics | |
| 942 |
_2ddc _cF |
||